Flags of Asian Capitals - Statistics

General Stats
  • This quiz has been taken 7 times
  • The average score is 13 of 34
Answer Stats
Picture Answer % Correct
Ashgabat
83%
Bishkek
83%
Kuala Lumpur
83%
Manila
83%
Singapore
83%
Bangkok
67%
Jakarta
67%
Jerusalem
67%
Manama
67%
Riyadh
67%
Seoul
67%
Taipei
67%
Tokyo
67%
Ulaanbaatar
50%
Astana
33%
Beirut
33%
Damascus
33%
Islamabad
33%
Naypyidaw
33%
New Delhi
33%
Abu Dhabi
17%
Amman
17%
Ankara
17%
Kathmandu
17%
Kuwait
17%
Nicosia
17%
Tashkent
17%
Yerevan
17%
Baghdad
0%
Baku
0%
Colombo
0%
Ramallah
0%
Tbilisi
0%
Tehran
0%
No matching quizzes found
Score Distribution
Percent of People with Each Score
Percentile by Number Answered
Your Score History
You have not taken this quiz